<?xml version="1.0" encoding="UTF-8"?>
<collection xmlns="http://www.loc.gov/MARC21/slim">
 <record>
  <leader>21403nas a22019811  4500</leader>
  <controlfield tag="001">1/50126</controlfield>
  <controlfield tag="008">020204c19549999riumr1p       0   a0eng d</controlfield>
  <datafield tag="022" ind1=" " ind2=" ">
   <subfield code="a">0025-1909</subfield>
  </datafield>
  <datafield tag="035" ind1=" " ind2=" ">
   <subfield code="l">4647</subfield>
  </datafield>
  <datafield tag="040" ind1=" " ind2=" ">
   <subfield code="a">DLC</subfield>
   <subfield code="b">GR-PeUP</subfield>
  </datafield>
  <datafield tag="090" ind1=" " ind2=" ">
   <subfield code="a">Αλφαβητική σειρά</subfield>
  </datafield>
  <datafield tag="245" ind1="0" ind2="0">
   <subfield code="a">Management science</subfield>
  </datafield>
  <datafield tag="260" ind1=" " ind2=" ">
   <subfield code="a">Island :</subfield>
   <subfield code="b">Institute of Management Sciences,</subfield>
   <subfield code="c">1954</subfield>
  </datafield>
  <datafield tag="300" ind1=" " ind2=" ">
   <subfield code="a">v. ;</subfield>
   <subfield code="c">25 cm.</subfield>
  </datafield>
  <datafield tag="310" ind1=" " ind2=" ">
   <subfield code="a">Monthly</subfield>
  </datafield>
  <datafield tag="362" ind1="0" ind2=" ">
   <subfield code="a">Vol.27, no.1(Jan. 1981)-v.45, no.12(Dec. 1999)</subfield>
  </datafield>
  <datafield tag="546" ind1=" " ind2=" ">
   <subfield code="a">English</subfield>
  </datafield>
  <datafield tag="650" ind1=" " ind2="4">
   <subfield code="a">Management science</subfield>
   <subfield code="v">Periodicals.</subfield>
  </datafield>
  <datafield tag="710" ind1="2" ind2=" ">
   <subfield code="a">Institute of Management Sciences.</subfield>
  </datafield>
  <datafield tag="852" ind1=" " ind2=" ">
   <subfield code="a">INST</subfield>
   <subfield code="b">UNIPILB</subfield>
   <subfield code="c">SERIALS</subfield>
   <subfield code="e">20041201</subfield>
   <subfield code="h">Αλφαβητική σειρά</subfield>
   <subfield code="p">38123</subfield>
   <subfield code="q">38123</subfield>
   <subfield code="t">NOLOAN</subfield>
   <subfield code="v">vol.49;no.1:(Μήνας)January;(Έτος)2003</subfield>
   <subfield code="y">23</subfield>
  </datafield>
  <datafield tag="852" ind1=" " ind2=" ">
   <subfield code="a">INST</subfield>
   <subfield code="b">UNIPILB</subfield>
   <subfield code="c">SERIALS</subfield>
   <subfield code="e">20041201</subfield>
   <subfield code="h">Αλφαβητική σειρά</subfield>
   <subfield code="p">38124</subfield>
   <subfield code="q">38124</subfield>
   <subfield code="t">NOLOAN</subfield>
   <subfield code="v">vol.49;no.2:(Μήνας)February;(Έτος)2003</subfield>
   <subfield code="y">23</subfield>
  </datafield>
  <datafield tag="852" ind1=" " ind2=" ">
   <subfield code="a">INST</subfield>
   <subfield code="b">UNIPILB</subfield>
   <subfield code="c">SERIALS</subfield>
   <subfield code="e">20041201</subfield>
   <subfield code="h">Αλφαβητική σειρά</subfield>
   <subfield code="p">38125</subfield>
   <subfield code="q">38125</subfield>
   <subfield code="t">NOLOAN</subfield>
   <subfield code="v">vol.49;no.3:(Μήνας)March;(Έτος)2003</subfield>
   <subfield code="y">23</subfield>
  </datafield>
  <datafield tag="852" ind1=" " ind2=" ">
   <subfield code="a">INST</subfield>
   <subfield code="b">UNIPILB</subfield>
   <subfield code="c">SERIALS</subfield>
   <subfield code="e">20041201</subfield>
   <subfield code="h">Αλφαβητική σειρά</subfield>
   <subfield code="p">38126</subfield>
   <subfield code="q">38126</subfield>
   <subfield code="t">NOLOAN</subfield>
   <subfield code="v">vol.49;no.4:(Μήνας)April;(Έτος)2003</subfield>
   <subfield code="y">23</subfield>
  </datafield>
  <datafield tag="852" ind1=" " ind2=" ">
   <subfield code="a">INST</subfield>
   <subfield code="b">UNIPILB</subfield>
   <subfield code="c">SERIALS</subfield>
   <subfield code="e">20041201</subfield>
   <subfield code="h">Αλφαβητική σειρά</subfield>
   <subfield code="p">38127</subfield>
   <subfield code="q">38127</subfield>
   <subfield code="t">NOLOAN</subfield>
   <subfield code="v">vol.49;no.5:(Μήνας)May;(Έτος)2003</subfield>
   <subfield code="y">23</subfield>
  </datafield>
  <datafield tag="852" ind1=" " ind2=" ">
   <subfield code="a">INST</subfield>
   <subfield code="b">UNIPILB</subfield>
   <subfield code="c">SERIALS</subfield>
   <subfield code="e">20041201</subfield>
   <subfield code="h">Αλφαβητική σειρά</subfield>
   <subfield code="p">38128</subfield>
   <subfield code="q">38128</subfield>
   <subfield code="t">NOLOAN</subfield>
   <subfield code="v">vol.49;no.6:(Μήνας)June;(Έτος)2003</subfield>
   <subfield code="y">23</subfield>
  </datafield>
  <datafield tag="852" ind1=" " ind2=" ">
   <subfield code="a">INST</subfield>
   <subfield code="b">UNIPILB</subfield>
   <subfield code="c">SERIALS</subfield>
   <subfield code="e">20041201</subfield>
   <subfield code="h">Αλφαβητική σειρά</subfield>
   <subfield code="p">38129</subfield>
   <subfield code="q">38129</subfield>
   <subfield code="t">NOLOAN</subfield>
   <subfield code="v">vol.49;no.7:(Μήνας)July;(Έτος)2003</subfield>
   <subfield code="y">23</subfield>
  </datafield>
  <datafield tag="852" ind1=" " ind2=" ">
   <subfield code="a">INST</subfield>
   <subfield code="b">UNIPILB</subfield>
   <subfield code="c">SERIALS</subfield>
   <subfield code="e">20041201</subfield>
   <subfield code="h">Αλφαβητική σειρά</subfield>
   <subfield code="p">38130</subfield>
   <subfield code="q">38130</subfield>
   <subfield code="t">NOLOAN</subfield>
   <subfield code="v">vol.49;no.8:(Μήνας)August;(Έτος)2003</subfield>
   <subfield code="y">23</subfield>
  </datafield>
  <datafield tag="852" ind1=" " ind2=" ">
   <subfield code="a">INST</subfield>
   <subfield code="b">UNIPILB</subfield>
   <subfield code="c">SERIALS</subfield>
   <subfield code="e">20041201</subfield>
   <subfield code="h">Αλφαβητική σειρά</subfield>
   <subfield code="p">38131</subfield>
   <subfield code="q">38131</subfield>
   <subfield code="t">NOLOAN</subfield>
   <subfield code="v">vol.49;no.9:(Μήνας)September;(Έτος)2003</subfield>
   <subfield code="y">23</subfield>
  </datafield>
  <datafield tag="852" ind1=" " ind2=" ">
   <subfield code="a">INST</subfield>
   <subfield code="b">UNIPILB</subfield>
   <subfield code="c">SERIALS</subfield>
   <subfield code="e">20041201</subfield>
   <subfield code="h">Αλφαβητική σειρά</subfield>
   <subfield code="p">38132</subfield>
   <subfield code="q">38132</subfield>
   <subfield code="t">NOLOAN</subfield>
   <subfield code="v">vol.49;no.10:(Μήνας)October;(Έτος)2003</subfield>
   <subfield code="y">23</subfield>
  </datafield>
  <datafield tag="852" ind1=" " ind2=" ">
   <subfield code="a">INST</subfield>
   <subfield code="b">UNIPILB</subfield>
   <subfield code="c">SERIALS</subfield>
   <subfield code="e">20041201</subfield>
   <subfield code="h">Αλφαβητική σειρά</subfield>
   <subfield code="p">38133</subfield>
   <subfield code="q">38133</subfield>
   <subfield code="t">NOLOAN</subfield>
   <subfield code="v">vol.49;no.11:(Μήνας)November;(Έτος)2003</subfield>
   <subfield code="y">23</subfield>
  </datafield>
  <datafield tag="852" ind1=" " ind2=" ">
   <subfield code="a">INST</subfield>
   <subfield code="b">UNIPILB</subfield>
   <subfield code="c">SERIALS</subfield>
   <subfield code="e">20041201</subfield>
   <subfield code="h">Αλφαβητική σειρά</subfield>
   <subfield code="p">38134</subfield>
   <subfield code="q">38134</subfield>
   <subfield code="t">NOLOAN</subfield>
   <subfield code="v">vol.49;no.12:(Μήνας)December;(Έτος)2003</subfield>
   <subfield code="y">23</subfield>
  </datafield>
  <datafield tag="852" ind1=" " ind2=" ">
   <subfield code="a">INST</subfield>
   <subfield code="b">UNIPILB</subfield>
   <subfield code="c">SERIALS</subfield>
   <subfield code="e">20050118</subfield>
   <subfield code="h">Αλφαβητική σειρά</subfield>
   <subfield code="p">38940</subfield>
   <subfield code="q">38940</subfield>
   <subfield code="t">NOLOAN</subfield>
   <subfield code="v">vol.50;no.1:(Μήνας)January;(Έτος)2004</subfield>
   <subfield code="y">23</subfield>
  </datafield>
  <datafield tag="852" ind1=" " ind2=" ">
   <subfield code="a">INST</subfield>
   <subfield code="b">UNIPILB</subfield>
   <subfield code="c">SERIALS</subfield>
   <subfield code="e">20050118</subfield>
   <subfield code="h">Αλφαβητική σειρά</subfield>
   <subfield code="p">38941</subfield>
   <subfield code="q">38941</subfield>
   <subfield code="t">NOLOAN</subfield>
   <subfield code="v">vol.50;no.2:(Μήνας)February;(Έτος)2004</subfield>
   <subfield code="y">23</subfield>
  </datafield>
  <datafield tag="852" ind1=" " ind2=" ">
   <subfield code="a">INST</subfield>
   <subfield code="b">UNIPILB</subfield>
   <subfield code="c">SERIALS</subfield>
   <subfield code="e">20050118</subfield>
   <subfield code="h">Αλφαβητική σειρά</subfield>
   <subfield code="p">38942</subfield>
   <subfield code="q">38942</subfield>
   <subfield code="t">NOLOAN</subfield>
   <subfield code="v">vol.50;no.3:(Μήνας)March;(Έτος)2004</subfield>
   <subfield code="y">23</subfield>
  </datafield>
  <datafield tag="852" ind1=" " ind2=" ">
   <subfield code="a">INST</subfield>
   <subfield code="b">UNIPILB</subfield>
   <subfield code="c">SERIALS</subfield>
   <subfield code="e">20050118</subfield>
   <subfield code="h">Αλφαβητική σειρά</subfield>
   <subfield code="p">38943</subfield>
   <subfield code="q">38943</subfield>
   <subfield code="t">NOLOAN</subfield>
   <subfield code="v">vol.50;no.4:(Μήνας)April;(Έτος)2004</subfield>
   <subfield code="y">23</subfield>
  </datafield>
  <datafield tag="852" ind1=" " ind2=" ">
   <subfield code="a">INST</subfield>
   <subfield code="b">UNIPILB</subfield>
   <subfield code="c">SERIALS</subfield>
   <subfield code="e">20050118</subfield>
   <subfield code="h">Αλφαβητική σειρά</subfield>
   <subfield code="p">38944</subfield>
   <subfield code="q">38944</subfield>
   <subfield code="t">NOLOAN</subfield>
   <subfield code="v">vol.50;no.5:(Μήνας)May;(Έτος)2004</subfield>
   <subfield code="y">23</subfield>
  </datafield>
  <datafield tag="852" ind1=" " ind2=" ">
   <subfield code="a">INST</subfield>
   <subfield code="b">UNIPILB</subfield>
   <subfield code="c">SERIALS</subfield>
   <subfield code="e">20050118</subfield>
   <subfield code="h">Αλφαβητική σειρά</subfield>
   <subfield code="p">38945</subfield>
   <subfield code="q">38945</subfield>
   <subfield code="t">NOLOAN</subfield>
   <subfield code="v">vol.50;no.6:(Μήνας)June;(Έτος)2004</subfield>
   <subfield code="y">23</subfield>
  </datafield>
  <datafield tag="852" ind1=" " ind2=" ">
   <subfield code="a">INST</subfield>
   <subfield code="b">UNIPILB</subfield>
   <subfield code="c">SERIALS</subfield>
   <subfield code="e">20050118</subfield>
   <subfield code="h">Αλφαβητική σειρά</subfield>
   <subfield code="p">38946</subfield>
   <subfield code="q">38946</subfield>
   <subfield code="t">NOLOAN</subfield>
   <subfield code="v">vol.50;no.7:(Μήνας)July;(Έτος)2004</subfield>
   <subfield code="y">23</subfield>
  </datafield>
  <datafield tag="852" ind1=" " ind2=" ">
   <subfield code="a">INST</subfield>
   <subfield code="b">UNIPILB</subfield>
   <subfield code="c">SERIALS</subfield>
   <subfield code="e">20050118</subfield>
   <subfield code="h">Αλφαβητική σειρά</subfield>
   <subfield code="p">38947</subfield>
   <subfield code="q">38947</subfield>
   <subfield code="t">NOLOAN</subfield>
   <subfield code="v">vol.50;no.8:(Μήνας)August;(Έτος)2004</subfield>
   <subfield code="y">23</subfield>
  </datafield>
  <datafield tag="852" ind1=" " ind2=" ">
   <subfield code="a">INST</subfield>
   <subfield code="b">UNIPILB</subfield>
   <subfield code="c">SERIALS</subfield>
   <subfield code="e">20050125</subfield>
   <subfield code="h">Αλφαβητική σειρά</subfield>
   <subfield code="p">39248</subfield>
   <subfield code="q">39248</subfield>
   <subfield code="t">NOLOAN</subfield>
   <subfield code="v">vol.50;no.9:(Μήνας)September;(Έτος)2004</subfield>
   <subfield code="y">23</subfield>
  </datafield>
  <datafield tag="852" ind1=" " ind2=" ">
   <subfield code="a">INST</subfield>
   <subfield code="b">UNIPILB</subfield>
   <subfield code="c">SERIALS</subfield>
   <subfield code="e">20050125</subfield>
   <subfield code="h">Αλφαβητική σειρά</subfield>
   <subfield code="p">39278</subfield>
   <subfield code="q">39278</subfield>
   <subfield code="t">NOLOAN</subfield>
   <subfield code="v">vol.50;no.10:(Μήνας)October;(Έτος)2004</subfield>
   <subfield code="y">23</subfield>
  </datafield>
  <datafield tag="852" ind1=" " ind2=" ">
   <subfield code="a">INST</subfield>
   <subfield code="b">UNIPILB</subfield>
   <subfield code="c">SERIALS</subfield>
   <subfield code="e">20050204</subfield>
   <subfield code="h">Αλφαβητική σειρά</subfield>
   <subfield code="p">39679</subfield>
   <subfield code="q">39679</subfield>
   <subfield code="t">NOLOAN</subfield>
   <subfield code="v">vol.50;no.11:(Μήνας)November;(Έτος)2004</subfield>
   <subfield code="y">23</subfield>
  </datafield>
  <datafield tag="852" ind1=" " ind2=" ">
   <subfield code="a">INST</subfield>
   <subfield code="b">UNIPILB</subfield>
   <subfield code="c">SERIALS</subfield>
   <subfield code="e">20050404</subfield>
   <subfield code="h">Αλφαβητική σειρά</subfield>
   <subfield code="p">41929</subfield>
   <subfield code="q">41929</subfield>
   <subfield code="t">NOLOAN</subfield>
   <subfield code="v">vol.50;no.12:(Μήνας)December;(Έτος)2004</subfield>
   <subfield code="y">23</subfield>
  </datafield>
  <datafield tag="852" ind1=" " ind2=" ">
   <subfield code="a">INST</subfield>
   <subfield code="b">UNIPILB</subfield>
   <subfield code="c">SERIALS</subfield>
   <subfield code="e">20060228</subfield>
   <subfield code="h">Αλφαβητική σειρά</subfield>
   <subfield code="p">50610</subfield>
   <subfield code="q">50610</subfield>
   <subfield code="t">NOLOAN</subfield>
   <subfield code="v">vol.51;no.1:(Μήνας)January;(Έτος)2005</subfield>
   <subfield code="y">23</subfield>
  </datafield>
  <datafield tag="852" ind1=" " ind2=" ">
   <subfield code="a">INST</subfield>
   <subfield code="b">UNIPILB</subfield>
   <subfield code="c">SERIALS</subfield>
   <subfield code="e">20060228</subfield>
   <subfield code="h">Αλφαβητική σειρά</subfield>
   <subfield code="p">50611</subfield>
   <subfield code="q">50611</subfield>
   <subfield code="t">NOLOAN</subfield>
   <subfield code="v">vol.51;no.2:(Μήνας)February;(Έτος)2005</subfield>
   <subfield code="y">23</subfield>
  </datafield>
  <datafield tag="852" ind1=" " ind2=" ">
   <subfield code="a">INST</subfield>
   <subfield code="b">UNIPILB</subfield>
   <subfield code="c">SERIALS</subfield>
   <subfield code="e">20060228</subfield>
   <subfield code="h">Αλφαβητική σειρά</subfield>
   <subfield code="p">50612</subfield>
   <subfield code="q">50612</subfield>
   <subfield code="t">NOLOAN</subfield>
   <subfield code="v">vol.51;no.3:(Μήνας)March;(Έτος)2005</subfield>
   <subfield code="y">23</subfield>
  </datafield>
  <datafield tag="852" ind1=" " ind2=" ">
   <subfield code="a">INST</subfield>
   <subfield code="b">UNIPILB</subfield>
   <subfield code="c">SERIALS</subfield>
   <subfield code="e">20060228</subfield>
   <subfield code="h">Αλφαβητική σειρά</subfield>
   <subfield code="p">50613</subfield>
   <subfield code="q">50613</subfield>
   <subfield code="t">NOLOAN</subfield>
   <subfield code="v">vol.51;no.4:(Μήνας)April;(Έτος)2005</subfield>
   <subfield code="y">23</subfield>
  </datafield>
  <datafield tag="852" ind1=" " ind2=" ">
   <subfield code="a">INST</subfield>
   <subfield code="b">UNIPILB</subfield>
   <subfield code="c">SERIALS</subfield>
   <subfield code="e">20060228</subfield>
   <subfield code="h">Αλφαβητική σειρά</subfield>
   <subfield code="p">50614</subfield>
   <subfield code="q">50614</subfield>
   <subfield code="t">NOLOAN</subfield>
   <subfield code="v">vol.51;no.5:(Μήνας)May;(Έτος)2005</subfield>
   <subfield code="y">23</subfield>
  </datafield>
  <datafield tag="852" ind1=" " ind2=" ">
   <subfield code="a">INST</subfield>
   <subfield code="b">UNIPILB</subfield>
   <subfield code="c">SERIALS</subfield>
   <subfield code="e">20060228</subfield>
   <subfield code="h">Αλφαβητική σειρά</subfield>
   <subfield code="p">50615</subfield>
   <subfield code="q">50615</subfield>
   <subfield code="t">NOLOAN</subfield>
   <subfield code="v">vol.51;no.6:(Μήνας)June;(Έτος)2005</subfield>
   <subfield code="y">23</subfield>
  </datafield>
  <datafield tag="852" ind1=" " ind2=" ">
   <subfield code="a">INST</subfield>
   <subfield code="b">UNIPILB</subfield>
   <subfield code="c">SERIALS</subfield>
   <subfield code="e">20060228</subfield>
   <subfield code="h">Αλφαβητική σειρά</subfield>
   <subfield code="p">50616</subfield>
   <subfield code="q">50616</subfield>
   <subfield code="t">NOLOAN</subfield>
   <subfield code="v">vol.51;no.7:(Μήνας)July;(Έτος)2005</subfield>
   <subfield code="y">23</subfield>
  </datafield>
  <datafield tag="852" ind1=" " ind2=" ">
   <subfield code="a">INST</subfield>
   <subfield code="b">UNIPILB</subfield>
   <subfield code="c">SERIALS</subfield>
   <subfield code="e">20060228</subfield>
   <subfield code="h">Αλφαβητική σειρά</subfield>
   <subfield code="p">50617</subfield>
   <subfield code="q">50617</subfield>
   <subfield code="t">NOLOAN</subfield>
   <subfield code="v">vol.51;no.8:(Μήνας)August;(Έτος)2005</subfield>
   <subfield code="y">23</subfield>
  </datafield>
  <datafield tag="852" ind1=" " ind2=" ">
   <subfield code="a">INST</subfield>
   <subfield code="b">UNIPILB</subfield>
   <subfield code="c">SERIALS</subfield>
   <subfield code="e">20060228</subfield>
   <subfield code="h">Αλφαβητική σειρά</subfield>
   <subfield code="p">50618</subfield>
   <subfield code="q">50618</subfield>
   <subfield code="t">NOLOAN</subfield>
   <subfield code="v">vol.51;no.9:(Μήνας)September;(Έτος)2005</subfield>
   <subfield code="y">23</subfield>
  </datafield>
  <datafield tag="852" ind1=" " ind2=" ">
   <subfield code="a">INST</subfield>
   <subfield code="b">UNIPILB</subfield>
   <subfield code="c">SERIALS</subfield>
   <subfield code="e">20060228</subfield>
   <subfield code="h">Αλφαβητική σειρά</subfield>
   <subfield code="p">50619</subfield>
   <subfield code="q">50619</subfield>
   <subfield code="t">NOLOAN</subfield>
   <subfield code="v">vol.51;no.10:(Μήνας)October;(Έτος)2005</subfield>
   <subfield code="y">23</subfield>
  </datafield>
  <datafield tag="852" ind1=" " ind2=" ">
   <subfield code="a">INST</subfield>
   <subfield code="b">UNIPILB</subfield>
   <subfield code="c">SERIALS</subfield>
   <subfield code="e">20060228</subfield>
   <subfield code="h">Αλφαβητική σειρά</subfield>
   <subfield code="p">50620</subfield>
   <subfield code="q">50620</subfield>
   <subfield code="t">NOLOAN</subfield>
   <subfield code="v">vol.51;no.11:(Μήνας)November;(Έτος)2005</subfield>
   <subfield code="y">23</subfield>
  </datafield>
  <datafield tag="852" ind1=" " ind2=" ">
   <subfield code="a">INST</subfield>
   <subfield code="b">UNIPILB</subfield>
   <subfield code="c">SERIALS</subfield>
   <subfield code="e">20060705</subfield>
   <subfield code="h">Αλφαβητική σειρά</subfield>
   <subfield code="p">51811</subfield>
   <subfield code="q">51811</subfield>
   <subfield code="t">NOLOAN</subfield>
   <subfield code="v">vol.51;no.12:(Μήνας)December;(Έτος)2005</subfield>
   <subfield code="y">23</subfield>
  </datafield>
  <datafield tag="852" ind1=" " ind2=" ">
   <subfield code="a">INST</subfield>
   <subfield code="b">UNIPILB</subfield>
   <subfield code="c">SERIALS</subfield>
   <subfield code="e">20071019</subfield>
   <subfield code="h">Αλφαβητική σειρά</subfield>
   <subfield code="p">57726</subfield>
   <subfield code="q">57726</subfield>
   <subfield code="t">NOLOAN</subfield>
   <subfield code="v">vol.53;no.8:(Μήνας)August;(Έτος)2007</subfield>
   <subfield code="y">23</subfield>
  </datafield>
  <datafield tag="852" ind1=" " ind2=" ">
   <subfield code="a">INST</subfield>
   <subfield code="b">UNIPILB</subfield>
   <subfield code="c">SERIALS</subfield>
   <subfield code="e">20071120</subfield>
   <subfield code="h">Αλφαβητική σειρά</subfield>
   <subfield code="p">58490</subfield>
   <subfield code="q">58490</subfield>
   <subfield code="t">NOLOAN</subfield>
   <subfield code="v">vol.53;no.10:(Μήνας)October;(Έτος)2007</subfield>
   <subfield code="y">23</subfield>
  </datafield>
  <datafield tag="852" ind1=" " ind2=" ">
   <subfield code="a">INST</subfield>
   <subfield code="b">UNIPILB</subfield>
   <subfield code="c">SERIALS</subfield>
   <subfield code="e">20071203</subfield>
   <subfield code="h">Αλφαβητική σειρά</subfield>
   <subfield code="p">58747</subfield>
   <subfield code="q">58747</subfield>
   <subfield code="t">NOLOAN</subfield>
   <subfield code="v">vol.53;no.9:(Μήνας)September;(Έτος)2007</subfield>
   <subfield code="y">23</subfield>
  </datafield>
  <datafield tag="852" ind1=" " ind2=" ">
   <subfield code="a">INST</subfield>
   <subfield code="b">UNIPILB</subfield>
   <subfield code="c">SERIALS</subfield>
   <subfield code="e">20080108</subfield>
   <subfield code="h">Αλφαβητική σειρά</subfield>
   <subfield code="p">59338</subfield>
   <subfield code="q">59338</subfield>
   <subfield code="t">NOLOAN</subfield>
   <subfield code="v">vol.53;no.11:(Μήνας)November;(Έτος)2007</subfield>
   <subfield code="y">23</subfield>
  </datafield>
  <datafield tag="852" ind1=" " ind2=" ">
   <subfield code="a">INST</subfield>
   <subfield code="b">UNIPILB</subfield>
   <subfield code="c">SERIALS</subfield>
   <subfield code="e">20080110</subfield>
   <subfield code="h">Αλφαβητική σειρά</subfield>
   <subfield code="p">59411</subfield>
   <subfield code="q">59411</subfield>
   <subfield code="t">NOLOAN</subfield>
   <subfield code="v">vol.53;no.12:(Μήνας)December;(Έτος)2007</subfield>
   <subfield code="y">23</subfield>
  </datafield>
  <datafield tag="852" ind1=" " ind2=" ">
   <subfield code="a">INST</subfield>
   <subfield code="b">UNIPILB</subfield>
   <subfield code="c">SERIALS</subfield>
   <subfield code="e">20080403</subfield>
   <subfield code="h">Αλφαβητική σειρά</subfield>
   <subfield code="p">60429</subfield>
   <subfield code="q">60429</subfield>
   <subfield code="t">NOLOAN</subfield>
   <subfield code="v">vol.52;no.1:(Μήνας)January;(Έτος)2006</subfield>
   <subfield code="y">23</subfield>
  </datafield>
  <datafield tag="852" ind1=" " ind2=" ">
   <subfield code="a">INST</subfield>
   <subfield code="b">UNIPILB</subfield>
   <subfield code="c">SERIALS</subfield>
   <subfield code="e">20080403</subfield>
   <subfield code="h">Αλφαβητική σειρά</subfield>
   <subfield code="p">60430</subfield>
   <subfield code="q">60430</subfield>
   <subfield code="t">NOLOAN</subfield>
   <subfield code="v">vol.52;no.2:(Μήνας)February;(Έτος)2006</subfield>
   <subfield code="y">23</subfield>
  </datafield>
  <datafield tag="852" ind1=" " ind2=" ">
   <subfield code="a">INST</subfield>
   <subfield code="b">UNIPILB</subfield>
   <subfield code="c">SERIALS</subfield>
   <subfield code="e">20080403</subfield>
   <subfield code="h">Αλφαβητική σειρά</subfield>
   <subfield code="p">60431</subfield>
   <subfield code="q">60431</subfield>
   <subfield code="t">NOLOAN</subfield>
   <subfield code="v">vol.52;no.3:(Μήνας)March;(Έτος)2006</subfield>
   <subfield code="y">23</subfield>
  </datafield>
  <datafield tag="852" ind1=" " ind2=" ">
   <subfield code="a">INST</subfield>
   <subfield code="b">UNIPILB</subfield>
   <subfield code="c">SERIALS</subfield>
   <subfield code="e">20080403</subfield>
   <subfield code="h">Αλφαβητική σειρά</subfield>
   <subfield code="p">60432</subfield>
   <subfield code="q">60432</subfield>
   <subfield code="t">NOLOAN</subfield>
   <subfield code="v">vol.52;no.4:(Μήνας)April;(Έτος)2006</subfield>
   <subfield code="y">23</subfield>
  </datafield>
  <datafield tag="852" ind1=" " ind2=" ">
   <subfield code="a">INST</subfield>
   <subfield code="b">UNIPILB</subfield>
   <subfield code="c">SERIALS</subfield>
   <subfield code="e">20080403</subfield>
   <subfield code="h">Αλφαβητική σειρά</subfield>
   <subfield code="p">60433</subfield>
   <subfield code="q">60433</subfield>
   <subfield code="t">NOLOAN</subfield>
   <subfield code="v">vol.52;no.5:(Μήνας)May;(Έτος)2006</subfield>
   <subfield code="y">23</subfield>
  </datafield>
  <datafield tag="852" ind1=" " ind2=" ">
   <subfield code="a">INST</subfield>
   <subfield code="b">UNIPILB</subfield>
   <subfield code="c">SERIALS</subfield>
   <subfield code="e">20080403</subfield>
   <subfield code="h">Αλφαβητική σειρά</subfield>
   <subfield code="p">60434</subfield>
   <subfield code="q">60434</subfield>
   <subfield code="t">NOLOAN</subfield>
   <subfield code="v">vol.52;no.6:(Μήνας)June;(Έτος)2006</subfield>
   <subfield code="y">23</subfield>
  </datafield>
  <datafield tag="852" ind1=" " ind2=" ">
   <subfield code="a">INST</subfield>
   <subfield code="b">UNIPILB</subfield>
   <subfield code="c">SERIALS</subfield>
   <subfield code="e">20080403</subfield>
   <subfield code="h">Αλφαβητική σειρά</subfield>
   <subfield code="p">60435</subfield>
   <subfield code="q">60435</subfield>
   <subfield code="t">NOLOAN</subfield>
   <subfield code="v">vol.52;no.7:(Μήνας)July;(Έτος)2006</subfield>
   <subfield code="y">23</subfield>
  </datafield>
  <datafield tag="852" ind1=" " ind2=" ">
   <subfield code="a">INST</subfield>
   <subfield code="b">UNIPILB</subfield>
   <subfield code="c">SERIALS</subfield>
   <subfield code="e">20080403</subfield>
   <subfield code="h">Αλφαβητική σειρά</subfield>
   <subfield code="p">60436</subfield>
   <subfield code="q">60436</subfield>
   <subfield code="t">NOLOAN</subfield>
   <subfield code="v">vol.52;no.8:(Μήνας)August;(Έτος)2006</subfield>
   <subfield code="y">23</subfield>
  </datafield>
  <datafield tag="852" ind1=" " ind2=" ">
   <subfield code="a">INST</subfield>
   <subfield code="b">UNIPILB</subfield>
   <subfield code="c">SERIALS</subfield>
   <subfield code="e">20080403</subfield>
   <subfield code="h">Αλφαβητική σειρά</subfield>
   <subfield code="p">60437</subfield>
   <subfield code="q">60437</subfield>
   <subfield code="t">NOLOAN</subfield>
   <subfield code="v">vol.52;no.9:(Μήνας)September;(Έτος)2006</subfield>
   <subfield code="y">23</subfield>
  </datafield>
  <datafield tag="852" ind1=" " ind2=" ">
   <subfield code="a">INST</subfield>
   <subfield code="b">UNIPILB</subfield>
   <subfield code="c">SERIALS</subfield>
   <subfield code="e">20080403</subfield>
   <subfield code="h">Αλφαβητική σειρά</subfield>
   <subfield code="p">60438</subfield>
   <subfield code="q">60438</subfield>
   <subfield code="t">NOLOAN</subfield>
   <subfield code="v">vol.52;no.10:(Μήνας)October;(Έτος)2006</subfield>
   <subfield code="y">23</subfield>
  </datafield>
  <datafield tag="852" ind1=" " ind2=" ">
   <subfield code="a">INST</subfield>
   <subfield code="b">UNIPILB</subfield>
   <subfield code="c">SERIALS</subfield>
   <subfield code="e">20080403</subfield>
   <subfield code="h">Αλφαβητική σειρά</subfield>
   <subfield code="p">60439</subfield>
   <subfield code="q">60439</subfield>
   <subfield code="t">NOLOAN</subfield>
   <subfield code="v">vol.52;no.11:(Μήνας)November;(Έτος)2006</subfield>
   <subfield code="y">23</subfield>
  </datafield>
  <datafield tag="852" ind1=" " ind2=" ">
   <subfield code="a">INST</subfield>
   <subfield code="b">UNIPILB</subfield>
   <subfield code="c">SERIALS</subfield>
   <subfield code="e">20080403</subfield>
   <subfield code="h">Αλφαβητική σειρά</subfield>
   <subfield code="p">60440</subfield>
   <subfield code="q">60440</subfield>
   <subfield code="t">NOLOAN</subfield>
   <subfield code="v">vol.52;no.12:(Μήνας)December;(Έτος)2006</subfield>
   <subfield code="y">23</subfield>
  </datafield>
  <datafield tag="852" ind1=" " ind2=" ">
   <subfield code="a">INST</subfield>
   <subfield code="b">UNIPILB</subfield>
   <subfield code="c">SERIALS</subfield>
   <subfield code="e">20080403</subfield>
   <subfield code="h">Αλφαβητική σειρά</subfield>
   <subfield code="p">60441</subfield>
   <subfield code="q">60441</subfield>
   <subfield code="t">NOLOAN</subfield>
   <subfield code="v">vol.53;no.1:(Μήνας)January;(Έτος)2007</subfield>
   <subfield code="y">23</subfield>
  </datafield>
  <datafield tag="852" ind1=" " ind2=" ">
   <subfield code="a">INST</subfield>
   <subfield code="b">UNIPILB</subfield>
   <subfield code="c">SERIALS</subfield>
   <subfield code="e">20080403</subfield>
   <subfield code="h">Αλφαβητική σειρά</subfield>
   <subfield code="p">60442</subfield>
   <subfield code="q">60442</subfield>
   <subfield code="t">NOLOAN</subfield>
   <subfield code="v">vol.53;no.2:(Μήνας)February;(Έτος)2007</subfield>
   <subfield code="y">23</subfield>
  </datafield>
  <datafield tag="852" ind1=" " ind2=" ">
   <subfield code="a">INST</subfield>
   <subfield code="b">UNIPILB</subfield>
   <subfield code="c">SERIALS</subfield>
   <subfield code="e">20080403</subfield>
   <subfield code="h">Αλφαβητική σειρά</subfield>
   <subfield code="p">60443</subfield>
   <subfield code="q">60443</subfield>
   <subfield code="t">NOLOAN</subfield>
   <subfield code="v">vol.53;no.3:(Μήνας)March;(Έτος)2007</subfield>
   <subfield code="y">23</subfield>
  </datafield>
  <datafield tag="852" ind1=" " ind2=" ">
   <subfield code="a">INST</subfield>
   <subfield code="b">UNIPILB</subfield>
   <subfield code="c">SERIALS</subfield>
   <subfield code="e">20080403</subfield>
   <subfield code="h">Αλφαβητική σειρά</subfield>
   <subfield code="p">60444</subfield>
   <subfield code="q">60444</subfield>
   <subfield code="t">NOLOAN</subfield>
   <subfield code="v">vol.53;no.4:(Μήνας)April;(Έτος)2007</subfield>
   <subfield code="y">23</subfield>
  </datafield>
  <datafield tag="852" ind1=" " ind2=" ">
   <subfield code="a">INST</subfield>
   <subfield code="b">UNIPILB</subfield>
   <subfield code="c">SERIALS</subfield>
   <subfield code="e">20080403</subfield>
   <subfield code="h">Αλφαβητική σειρά</subfield>
   <subfield code="p">60445</subfield>
   <subfield code="q">60445</subfield>
   <subfield code="t">NOLOAN</subfield>
   <subfield code="v">vol.53;no.5:(Μήνας)May;(Έτος)2007</subfield>
   <subfield code="y">23</subfield>
  </datafield>
  <datafield tag="852" ind1=" " ind2=" ">
   <subfield code="a">INST</subfield>
   <subfield code="b">UNIPILB</subfield>
   <subfield code="c">SERIALS</subfield>
   <subfield code="e">20080403</subfield>
   <subfield code="h">Αλφαβητική σειρά</subfield>
   <subfield code="p">60446</subfield>
   <subfield code="q">60446</subfield>
   <subfield code="t">NOLOAN</subfield>
   <subfield code="v">vol.53;no.6:(Μήνας)June;(Έτος)2007</subfield>
   <subfield code="y">23</subfield>
  </datafield>
  <datafield tag="852" ind1=" " ind2=" ">
   <subfield code="a">INST</subfield>
   <subfield code="b">UNIPILB</subfield>
   <subfield code="c">SERIALS</subfield>
   <subfield code="e">20080403</subfield>
   <subfield code="h">Αλφαβητική σειρά</subfield>
   <subfield code="p">60447</subfield>
   <subfield code="q">60447</subfield>
   <subfield code="t">NOLOAN</subfield>
   <subfield code="v">vol.53;no.7:(Μήνας)July;(Έτος)2007</subfield>
   <subfield code="y">23</subfield>
  </datafield>
  <datafield tag="852" ind1=" " ind2=" ">
   <subfield code="a">INST</subfield>
   <subfield code="b">UNIPILB</subfield>
   <subfield code="c">SERIALS</subfield>
   <subfield code="e">20091027</subfield>
   <subfield code="h">Αλφαβητική σειρά</subfield>
   <subfield code="p">65075</subfield>
   <subfield code="q">65075</subfield>
   <subfield code="t">NOLOAN</subfield>
   <subfield code="v">vol.55;no.1:(Μήνας)January;(Έτος)2009</subfield>
   <subfield code="y">23</subfield>
  </datafield>
  <datafield tag="852" ind1=" " ind2=" ">
   <subfield code="a">INST</subfield>
   <subfield code="b">UNIPILB</subfield>
   <subfield code="c">SERIALS</subfield>
   <subfield code="e">20091027</subfield>
   <subfield code="h">Αλφαβητική σειρά</subfield>
   <subfield code="p">65076</subfield>
   <subfield code="q">65076</subfield>
   <subfield code="t">NOLOAN</subfield>
   <subfield code="v">vol.55;no.9:(Μήνας)September;(Έτος)2009</subfield>
   <subfield code="y">23</subfield>
  </datafield>
  <datafield tag="852" ind1=" " ind2=" ">
   <subfield code="a">INST</subfield>
   <subfield code="b">UNIPILB</subfield>
   <subfield code="c">SERIALS</subfield>
   <subfield code="e">20091126</subfield>
   <subfield code="h">Αλφαβητική σειρά</subfield>
   <subfield code="p">65471</subfield>
   <subfield code="q">65471</subfield>
   <subfield code="t">NOLOAN</subfield>
   <subfield code="v">vol.55;no.10:(Μήνας)October;(Έτος)2009</subfield>
   <subfield code="y">23</subfield>
  </datafield>
  <datafield tag="852" ind1=" " ind2=" ">
   <subfield code="a">INST</subfield>
   <subfield code="b">UNIPILB</subfield>
   <subfield code="c">SERIALS</subfield>
   <subfield code="e">20091126</subfield>
   <subfield code="h">Αλφαβητική σειρά</subfield>
   <subfield code="p">65472</subfield>
   <subfield code="q">65472</subfield>
   <subfield code="t">NOLOAN</subfield>
   <subfield code="v">vol.55;no.4:(Μήνας)April;(Έτος)2009</subfield>
   <subfield code="y">23</subfield>
  </datafield>
  <datafield tag="852" ind1=" " ind2=" ">
   <subfield code="a">INST</subfield>
   <subfield code="b">UNIPILB</subfield>
   <subfield code="c">SERIALS</subfield>
   <subfield code="e">20091126</subfield>
   <subfield code="h">Αλφαβητική σειρά</subfield>
   <subfield code="p">65473</subfield>
   <subfield code="q">65473</subfield>
   <subfield code="t">NOLOAN</subfield>
   <subfield code="v">vol.55;no.8:(Μήνας)August;(Έτος)2009</subfield>
   <subfield code="y">23</subfield>
  </datafield>
  <datafield tag="852" ind1=" " ind2=" ">
   <subfield code="a">INST</subfield>
   <subfield code="b">UNIPILB</subfield>
   <subfield code="c">SERIALS</subfield>
   <subfield code="e">20091126</subfield>
   <subfield code="h">Αλφαβητική σειρά</subfield>
   <subfield code="p">65474</subfield>
   <subfield code="q">65474</subfield>
   <subfield code="t">NOLOAN</subfield>
   <subfield code="v">vol.55;no.6:(Μήνας)June;(Έτος)2009</subfield>
   <subfield code="y">23</subfield>
  </datafield>
  <datafield tag="852" ind1=" " ind2=" ">
   <subfield code="a">INST</subfield>
   <subfield code="b">UNIPILB</subfield>
   <subfield code="c">SERIALS</subfield>
   <subfield code="e">20091126</subfield>
   <subfield code="h">Αλφαβητική σειρά</subfield>
   <subfield code="p">65475</subfield>
   <subfield code="q">65475</subfield>
   <subfield code="t">NOLOAN</subfield>
   <subfield code="v">vol.55;no.5:(Μήνας)May;(Έτος)2009</subfield>
   <subfield code="y">23</subfield>
  </datafield>
  <datafield tag="852" ind1=" " ind2=" ">
   <subfield code="a">INST</subfield>
   <subfield code="b">UNIPILB</subfield>
   <subfield code="c">SERIALS</subfield>
   <subfield code="e">20091126</subfield>
   <subfield code="h">Αλφαβητική σειρά</subfield>
   <subfield code="p">65476</subfield>
   <subfield code="q">65476</subfield>
   <subfield code="t">NOLOAN</subfield>
   <subfield code="v">vol.55;no.3:(Μήνας)March;(Έτος)2009</subfield>
   <subfield code="y">23</subfield>
  </datafield>
  <datafield tag="852" ind1=" " ind2=" ">
   <subfield code="a">INST</subfield>
   <subfield code="b">UNIPILB</subfield>
   <subfield code="c">SERIALS</subfield>
   <subfield code="e">20091126</subfield>
   <subfield code="h">Αλφαβητική σειρά</subfield>
   <subfield code="p">65477</subfield>
   <subfield code="q">65477</subfield>
   <subfield code="t">NOLOAN</subfield>
   <subfield code="v">vol.55;no.2:(Μήνας)February;(Έτος)2009</subfield>
   <subfield code="y">23</subfield>
  </datafield>
  <datafield tag="852" ind1=" " ind2=" ">
   <subfield code="a">INST</subfield>
   <subfield code="b">UNIPILB</subfield>
   <subfield code="c">SERIALS</subfield>
   <subfield code="e">20100205</subfield>
   <subfield code="h">Αλφαβητική σειρά</subfield>
   <subfield code="p">66688</subfield>
   <subfield code="q">66688</subfield>
   <subfield code="t">NOLOAN</subfield>
   <subfield code="v">vol.55;no.12:(Μήνας)December;(Έτος)2009</subfield>
   <subfield code="y">23</subfield>
  </datafield>
  <datafield tag="852" ind1=" " ind2=" ">
   <subfield code="a">INST</subfield>
   <subfield code="b">UNIPILB</subfield>
   <subfield code="c">SERIALS</subfield>
   <subfield code="e">20100610</subfield>
   <subfield code="h">Αλφαβητική σειρά</subfield>
   <subfield code="p">68314</subfield>
   <subfield code="q">68314</subfield>
   <subfield code="t">NOLOAN</subfield>
   <subfield code="v">vol.55;no.11:(Μήνας)November;(Έτος)2009</subfield>
   <subfield code="y">23</subfield>
  </datafield>
  <datafield tag="852" ind1=" " ind2=" ">
   <subfield code="a">INST</subfield>
   <subfield code="b">UNIPILB</subfield>
   <subfield code="c">SERIALS</subfield>
   <subfield code="e">20100706</subfield>
   <subfield code="h">Αλφαβητική σειρά</subfield>
   <subfield code="p">69406</subfield>
   <subfield code="q">69406</subfield>
   <subfield code="t">NOLOAN</subfield>
   <subfield code="v">vol.56;no.1:(Μήνας)January;(Έτος)2010</subfield>
   <subfield code="y">23</subfield>
  </datafield>
  <datafield tag="852" ind1=" " ind2=" ">
   <subfield code="a">INST</subfield>
   <subfield code="b">UNIPILB</subfield>
   <subfield code="c">SERIALS</subfield>
   <subfield code="e">20100706</subfield>
   <subfield code="h">Αλφαβητική σειρά</subfield>
   <subfield code="p">69407</subfield>
   <subfield code="q">69407</subfield>
   <subfield code="t">NOLOAN</subfield>
   <subfield code="v">vol.56;no.4:(Μήνας)April;(Έτος)2010</subfield>
   <subfield code="y">23</subfield>
  </datafield>
  <datafield tag="852" ind1=" " ind2=" ">
   <subfield code="a">INST</subfield>
   <subfield code="b">UNIPILB</subfield>
   <subfield code="c">SERIALS</subfield>
   <subfield code="e">20100826</subfield>
   <subfield code="h">Αλφαβητική σειρά</subfield>
   <subfield code="p">69645</subfield>
   <subfield code="q">69645</subfield>
   <subfield code="t">NOLOAN</subfield>
   <subfield code="v">vol.56;no.2:(Μήνας)February;(Έτος)2010</subfield>
   <subfield code="y">23</subfield>
  </datafield>
  <datafield tag="852" ind1=" " ind2=" ">
   <subfield code="a">INST</subfield>
   <subfield code="b">UNIPILB</subfield>
   <subfield code="c">SERIALS</subfield>
   <subfield code="e">20100826</subfield>
   <subfield code="h">Αλφαβητική σειρά</subfield>
   <subfield code="p">69646</subfield>
   <subfield code="q">69646</subfield>
   <subfield code="t">NOLOAN</subfield>
   <subfield code="v">vol.56;no.3:(Μήνας)March;(Έτος)2010</subfield>
   <subfield code="y">23</subfield>
  </datafield>
  <datafield tag="852" ind1=" " ind2=" ">
   <subfield code="a">INST</subfield>
   <subfield code="b">UNIPILB</subfield>
   <subfield code="c">SERIALS</subfield>
   <subfield code="e">20100826</subfield>
   <subfield code="h">Αλφαβητική σειρά</subfield>
   <subfield code="p">69647</subfield>
   <subfield code="q">69647</subfield>
   <subfield code="t">NOLOAN</subfield>
   <subfield code="v">vol.56;no.6:(Μήνας)June;(Έτος)2010</subfield>
   <subfield code="y">23</subfield>
  </datafield>
  <datafield tag="852" ind1=" " ind2=" ">
   <subfield code="a">INST</subfield>
   <subfield code="b">UNIPILB</subfield>
   <subfield code="c">SERIALS</subfield>
   <subfield code="e">20101001</subfield>
   <subfield code="h">Αλφαβητική σειρά</subfield>
   <subfield code="p">69954</subfield>
   <subfield code="q">69954</subfield>
   <subfield code="t">NOLOAN</subfield>
   <subfield code="v">vol.56;no.7:(Μήνας)July;(Έτος)2010</subfield>
   <subfield code="y">23</subfield>
  </datafield>
  <datafield tag="852" ind1=" " ind2=" ">
   <subfield code="a">INST</subfield>
   <subfield code="b">UNIPILB</subfield>
   <subfield code="c">SERIALS</subfield>
   <subfield code="e">20101007</subfield>
   <subfield code="h">Αλφαβητική σειρά</subfield>
   <subfield code="p">70074</subfield>
   <subfield code="q">70074</subfield>
   <subfield code="t">NOLOAN</subfield>
   <subfield code="v">vol.56;no.5:(Μήνας)May;(Έτος)2010</subfield>
   <subfield code="y">23</subfield>
  </datafield>
  <datafield tag="852" ind1=" " ind2=" ">
   <subfield code="a">INST</subfield>
   <subfield code="b">UNIPILB</subfield>
   <subfield code="c">SERIALS</subfield>
   <subfield code="e">20101007</subfield>
   <subfield code="h">Αλφαβητική σειρά</subfield>
   <subfield code="p">70075</subfield>
   <subfield code="q">70075</subfield>
   <subfield code="t">NOLOAN</subfield>
   <subfield code="v">vol.56;no.8:(Μήνας)August;(Έτος)2010</subfield>
   <subfield code="y">23</subfield>
  </datafield>
  <datafield tag="852" ind1=" " ind2=" ">
   <subfield code="a">INST</subfield>
   <subfield code="b">UNIPILB</subfield>
   <subfield code="c">SERIALS</subfield>
   <subfield code="e">20101018</subfield>
   <subfield code="h">Αλφαβητική σειρά</subfield>
   <subfield code="p">70204</subfield>
   <subfield code="q">70204</subfield>
   <subfield code="t">NOLOAN</subfield>
   <subfield code="v">vol.56;no.9:(Μήνας)September;(Έτος)2010</subfield>
   <subfield code="y">23</subfield>
  </datafield>
  <datafield tag="852" ind1=" " ind2=" ">
   <subfield code="a">INST</subfield>
   <subfield code="b">UNIPILB</subfield>
   <subfield code="c">SERIALS</subfield>
   <subfield code="e">20101112</subfield>
   <subfield code="h">Αλφαβητική σειρά</subfield>
   <subfield code="p">70559</subfield>
   <subfield code="q">70559</subfield>
   <subfield code="t">NOLOAN</subfield>
   <subfield code="v">vol.56;no.10:(Μήνας)October;(Έτος)2010</subfield>
   <subfield code="y">23</subfield>
  </datafield>
  <datafield tag="852" ind1=" " ind2=" ">
   <subfield code="a">INST</subfield>
   <subfield code="b">UNIPILB</subfield>
   <subfield code="c">SERIALS</subfield>
   <subfield code="e">20101124</subfield>
   <subfield code="h">Αλφαβητική σειρά</subfield>
   <subfield code="p">70654</subfield>
   <subfield code="q">70654</subfield>
   <subfield code="t">NOLOAN</subfield>
   <subfield code="v">vol.55;no.7:(Μήνας)July;(Έτος)2009</subfield>
   <subfield code="y">23</subfield>
  </datafield>
  <datafield tag="852" ind1=" " ind2=" ">
   <subfield code="a">INST</subfield>
   <subfield code="b">UNIPILB</subfield>
   <subfield code="c">SERIALS</subfield>
   <subfield code="e">20110118</subfield>
   <subfield code="h">Αλφαβητική σειρά</subfield>
   <subfield code="p">70814</subfield>
   <subfield code="q">70814</subfield>
   <subfield code="t">NOLOAN</subfield>
   <subfield code="v">vol.56;no.11:(Μήνας)November;(Έτος)2010</subfield>
   <subfield code="y">23</subfield>
  </datafield>
  <datafield tag="852" ind1=" " ind2=" ">
   <subfield code="a">INST</subfield>
   <subfield code="b">UNIPILB</subfield>
   <subfield code="c">SERIALS</subfield>
   <subfield code="e">20110124</subfield>
   <subfield code="h">Αλφαβητική σειρά</subfield>
   <subfield code="p">70910</subfield>
   <subfield code="q">70910</subfield>
   <subfield code="t">NOLOAN</subfield>
   <subfield code="v">vol.56;no.12:(Μήνας)December;(Έτος)2010</subfield>
   <subfield code="y">23</subfield>
  </datafield>
  <datafield tag="852" ind1=" " ind2=" ">
   <subfield code="a">INST</subfield>
   <subfield code="b">UNIPILB</subfield>
   <subfield code="c">SERIALS</subfield>
   <subfield code="e">20110725</subfield>
   <subfield code="h">Αλφαβητική σειρά</subfield>
   <subfield code="p">72453</subfield>
   <subfield code="q">72453</subfield>
   <subfield code="t">NOLOAN</subfield>
   <subfield code="v">vol.57;no.4:(Μήνας)April;(Έτος)2011</subfield>
   <subfield code="y">23</subfield>
  </datafield>
  <datafield tag="852" ind1=" " ind2=" ">
   <subfield code="a">INST</subfield>
   <subfield code="b">UNIPILB</subfield>
   <subfield code="c">SERIALS</subfield>
   <subfield code="e">20110725</subfield>
   <subfield code="h">Αλφαβητική σειρά</subfield>
   <subfield code="p">72454</subfield>
   <subfield code="q">72454</subfield>
   <subfield code="t">NOLOAN</subfield>
   <subfield code="v">vol.57;no.6:(Μήνας)June;(Έτος)2011</subfield>
   <subfield code="y">23</subfield>
  </datafield>
  <datafield tag="852" ind1=" " ind2=" ">
   <subfield code="a">INST</subfield>
   <subfield code="b">UNIPILB</subfield>
   <subfield code="c">SERIALS</subfield>
   <subfield code="e">20110725</subfield>
   <subfield code="h">Αλφαβητική σειρά</subfield>
   <subfield code="p">72465</subfield>
   <subfield code="q">72465</subfield>
   <subfield code="t">NOLOAN</subfield>
   <subfield code="v">vol.57;no.5:(Μήνας)May;(Έτος)2011</subfield>
   <subfield code="y">23</subfield>
  </datafield>
  <datafield tag="852" ind1=" " ind2=" ">
   <subfield code="a">INST</subfield>
   <subfield code="b">UNIPILB</subfield>
   <subfield code="c">SERIALS</subfield>
   <subfield code="e">20110912</subfield>
   <subfield code="h">Αλφαβητική σειρά</subfield>
   <subfield code="p">72674</subfield>
   <subfield code="q">72674</subfield>
   <subfield code="t">NOLOAN</subfield>
   <subfield code="v">vol.57;no.1:(Μήνας)January;(Έτος)2011</subfield>
   <subfield code="y">23</subfield>
  </datafield>
  <datafield tag="852" ind1=" " ind2=" ">
   <subfield code="a">INST</subfield>
   <subfield code="b">UNIPILB</subfield>
   <subfield code="c">SERIALS</subfield>
   <subfield code="e">20110912</subfield>
   <subfield code="h">Αλφαβητική σειρά</subfield>
   <subfield code="p">72675</subfield>
   <subfield code="q">72675</subfield>
   <subfield code="t">NOLOAN</subfield>
   <subfield code="v">vol.57;no.2:(Μήνας)February;(Έτος)2011</subfield>
   <subfield code="y">23</subfield>
  </datafield>
  <datafield tag="852" ind1=" " ind2=" ">
   <subfield code="a">INST</subfield>
   <subfield code="b">UNIPILB</subfield>
   <subfield code="c">SERIALS</subfield>
   <subfield code="e">20110912</subfield>
   <subfield code="h">Αλφαβητική σειρά</subfield>
   <subfield code="p">72676</subfield>
   <subfield code="q">72676</subfield>
   <subfield code="t">NOLOAN</subfield>
   <subfield code="v">vol.57;no.3:(Μήνας)March;(Έτος)2011</subfield>
   <subfield code="y">23</subfield>
  </datafield>
  <datafield tag="852" ind1=" " ind2=" ">
   <subfield code="a">INST</subfield>
   <subfield code="b">UNIPILB</subfield>
   <subfield code="c">SERIALS</subfield>
   <subfield code="e">20110912</subfield>
   <subfield code="h">Αλφαβητική σειρά</subfield>
   <subfield code="p">72677</subfield>
   <subfield code="q">72677</subfield>
   <subfield code="t">NOLOAN</subfield>
   <subfield code="v">vol.57;no.7:(Μήνας)July;(Έτος)2011</subfield>
   <subfield code="y">23</subfield>
  </datafield>
  <datafield tag="852" ind1=" " ind2=" ">
   <subfield code="a">INST</subfield>
   <subfield code="b">UNIPILB</subfield>
   <subfield code="c">SERIALS</subfield>
   <subfield code="e">20110930</subfield>
   <subfield code="h">Αλφαβητική σειρά</subfield>
   <subfield code="p">72840</subfield>
   <subfield code="q">72840</subfield>
   <subfield code="t">NOLOAN</subfield>
   <subfield code="v">vol.57;no.9:(Μήνας)September;(Έτος)2011</subfield>
   <subfield code="y">23</subfield>
  </datafield>
  <datafield tag="852" ind1=" " ind2=" ">
   <subfield code="a">INST</subfield>
   <subfield code="b">UNIPILB</subfield>
   <subfield code="c">SERIALS</subfield>
   <subfield code="e">20111003</subfield>
   <subfield code="h">Αλφαβητική σειρά</subfield>
   <subfield code="p">72903</subfield>
   <subfield code="q">72903</subfield>
   <subfield code="t">NOLOAN</subfield>
   <subfield code="v">vol.57;no.8:(Μήνας)August;(Έτος)2011</subfield>
   <subfield code="y">23</subfield>
  </datafield>
  <datafield tag="852" ind1=" " ind2=" ">
   <subfield code="a">INST</subfield>
   <subfield code="b">UNIPILB</subfield>
   <subfield code="c">SERIALS</subfield>
   <subfield code="e">20111101</subfield>
   <subfield code="h">Αλφαβητική σειρά</subfield>
   <subfield code="p">73190</subfield>
   <subfield code="q">73190</subfield>
   <subfield code="t">NOLOAN</subfield>
   <subfield code="v">vol.57;no.10:(Μήνας)October;(Έτος)2011</subfield>
   <subfield code="y">23</subfield>
  </datafield>
  <datafield tag="852" ind1=" " ind2=" ">
   <subfield code="a">INST</subfield>
   <subfield code="b">UNIPILB</subfield>
   <subfield code="c">SERIALS</subfield>
   <subfield code="e">20111213</subfield>
   <subfield code="h">Αλφαβητική σειρά</subfield>
   <subfield code="p">73853</subfield>
   <subfield code="q">73853</subfield>
   <subfield code="t">NOLOAN</subfield>
   <subfield code="v">vol.57;no.11:(Μήνας)November;(Έτος)2011</subfield>
   <subfield code="y">23</subfield>
  </datafield>
  <datafield tag="852" ind1=" " ind2=" ">
   <subfield code="a">INST</subfield>
   <subfield code="b">UNIPILB</subfield>
   <subfield code="c">SERIALS</subfield>
   <subfield code="e">20120116</subfield>
   <subfield code="h">Αλφαβητική σειρά</subfield>
   <subfield code="p">73980</subfield>
   <subfield code="q">73980</subfield>
   <subfield code="t">NOLOAN</subfield>
   <subfield code="v">vol.57;no.12:(Μήνας)December;(Έτος)2011</subfield>
   <subfield code="y">23</subfield>
  </datafield>
  <datafield tag="852" ind1=" " ind2=" ">
   <subfield code="a">INST</subfield>
   <subfield code="b">UNIPILB</subfield>
   <subfield code="c">SERIALS</subfield>
   <subfield code="e">20120511</subfield>
   <subfield code="h">Αλφαβητική σειρά</subfield>
   <subfield code="p">75421</subfield>
   <subfield code="q">75421</subfield>
   <subfield code="t">NOLOAN</subfield>
   <subfield code="v">vol.58;no.1:(Μήνας)January;(Έτος)2012</subfield>
   <subfield code="y">23</subfield>
  </datafield>
  <datafield tag="852" ind1=" " ind2=" ">
   <subfield code="a">INST</subfield>
   <subfield code="b">UNIPILB</subfield>
   <subfield code="c">SERIALS</subfield>
   <subfield code="e">20120511</subfield>
   <subfield code="h">Αλφαβητική σειρά</subfield>
   <subfield code="p">75422</subfield>
   <subfield code="q">75422</subfield>
   <subfield code="t">NOLOAN</subfield>
   <subfield code="v">vol.58;no.3:(Μήνας)March;(Έτος)2012</subfield>
   <subfield code="y">23</subfield>
  </datafield>
  <datafield tag="852" ind1=" " ind2=" ">
   <subfield code="a">INST</subfield>
   <subfield code="b">UNIPILB</subfield>
   <subfield code="c">SERIALS</subfield>
   <subfield code="e">20120511</subfield>
   <subfield code="h">Αλφαβητική σειρά</subfield>
   <subfield code="p">75423</subfield>
   <subfield code="q">75423</subfield>
   <subfield code="t">NOLOAN</subfield>
   <subfield code="v">vol.58;no.4:(Μήνας)April;(Έτος)2012</subfield>
   <subfield code="y">23</subfield>
  </datafield>
  <datafield tag="852" ind1=" " ind2=" ">
   <subfield code="a">INST</subfield>
   <subfield code="b">UNIPILB</subfield>
   <subfield code="c">SERIALS</subfield>
   <subfield code="e">20120608</subfield>
   <subfield code="h">Αλφαβητική σειρά</subfield>
   <subfield code="p">75718</subfield>
   <subfield code="q">75718</subfield>
   <subfield code="t">NOLOAN</subfield>
   <subfield code="v">vol.58;no.5:(Μήνας)May;(Έτος)2012</subfield>
   <subfield code="y">23</subfield>
  </datafield>
  <datafield tag="852" ind1=" " ind2=" ">
   <subfield code="a">INST</subfield>
   <subfield code="b">UNIPILB</subfield>
   <subfield code="c">SERIALS</subfield>
   <subfield code="e">20120706</subfield>
   <subfield code="h">Αλφαβητική σειρά</subfield>
   <subfield code="p">76006</subfield>
   <subfield code="q">76006</subfield>
   <subfield code="t">NOLOAN</subfield>
   <subfield code="v">vol.58;no.6:(Μήνας)June;(Έτος)2012</subfield>
   <subfield code="y">23</subfield>
  </datafield>
  <datafield tag="852" ind1=" " ind2=" ">
   <subfield code="a">INST</subfield>
   <subfield code="b">UNIPILB</subfield>
   <subfield code="c">SERIALS</subfield>
   <subfield code="e">20120829</subfield>
   <subfield code="h">Αλφαβητική σειρά</subfield>
   <subfield code="p">76331</subfield>
   <subfield code="q">76331</subfield>
   <subfield code="t">NOLOAN</subfield>
   <subfield code="v">vol.58;no.7:(Μήνας)July;(Έτος)2012</subfield>
   <subfield code="y">23</subfield>
  </datafield>
  <datafield tag="852" ind1=" " ind2=" ">
   <subfield code="a">INST</subfield>
   <subfield code="b">UNIPILB</subfield>
   <subfield code="c">SERIALS</subfield>
   <subfield code="e">20120831</subfield>
   <subfield code="h">Αλφαβητική σειρά</subfield>
   <subfield code="p">76353</subfield>
   <subfield code="q">76353</subfield>
   <subfield code="t">NOLOAN</subfield>
   <subfield code="v">vol.58;no.8:(Μήνας)August;(Έτος)2012</subfield>
   <subfield code="y">23</subfield>
  </datafield>
  <datafield tag="852" ind1=" " ind2=" ">
   <subfield code="a">INST</subfield>
   <subfield code="b">UNIPILB</subfield>
   <subfield code="c">SERIALS</subfield>
   <subfield code="e">20120913</subfield>
   <subfield code="h">Αλφαβητική σειρά</subfield>
   <subfield code="p">76498</subfield>
   <subfield code="q">76498</subfield>
   <subfield code="t">NOLOAN</subfield>
   <subfield code="v">vol.58;no.2:(Μήνας)February;(Έτος)2012</subfield>
   <subfield code="y">23</subfield>
  </datafield>
  <datafield tag="852" ind1=" " ind2=" ">
   <subfield code="a">INST</subfield>
   <subfield code="b">UNIPILB</subfield>
   <subfield code="c">SERIALS</subfield>
   <subfield code="e">20121001</subfield>
   <subfield code="h">Αλφαβητική σειρά</subfield>
   <subfield code="p">76665</subfield>
   <subfield code="q">76665</subfield>
   <subfield code="t">NOLOAN</subfield>
   <subfield code="v">vol.58;no.9:(Μήνας)September;(Έτος)2012</subfield>
   <subfield code="y">23</subfield>
  </datafield>
  <datafield tag="852" ind1=" " ind2=" ">
   <subfield code="a">INST</subfield>
   <subfield code="b">UNIPILB</subfield>
   <subfield code="c">SERIALS</subfield>
   <subfield code="e">20121109</subfield>
   <subfield code="h">Αλφαβητική σειρά</subfield>
   <subfield code="p">77090</subfield>
   <subfield code="q">77090</subfield>
   <subfield code="t">NOLOAN</subfield>
   <subfield code="v">vol.58;no.10:(Μήνας)October;(Έτος)2012</subfield>
   <subfield code="y">23</subfield>
  </datafield>
  <datafield tag="852" ind1=" " ind2=" ">
   <subfield code="a">INST</subfield>
   <subfield code="b">UNIPILB</subfield>
   <subfield code="c">SERIALS</subfield>
   <subfield code="e">20121123</subfield>
   <subfield code="h">Αλφαβητική σειρά</subfield>
   <subfield code="p">77180</subfield>
   <subfield code="q">77180</subfield>
   <subfield code="t">NOLOAN</subfield>
   <subfield code="v">vol.58;no.11:(Μήνας)November;(Έτος)2012</subfield>
   <subfield code="y">23</subfield>
  </datafield>
  <datafield tag="852" ind1=" " ind2=" ">
   <subfield code="a">INST</subfield>
   <subfield code="b">UNIPILB</subfield>
   <subfield code="c">SERIALS</subfield>
   <subfield code="e">20130108</subfield>
   <subfield code="h">Αλφαβητική σειρά</subfield>
   <subfield code="p">77416</subfield>
   <subfield code="q">77416</subfield>
   <subfield code="t">NOLOAN</subfield>
   <subfield code="v">vol.58;no.12:(Μήνας)December;(Έτος)2012</subfield>
   <subfield code="y">23</subfield>
  </datafield>
  <datafield tag="852" ind1=" " ind2=" ">
   <subfield code="a">INST</subfield>
   <subfield code="b">UNIPILB</subfield>
   <subfield code="c">SERIALS</subfield>
   <subfield code="e">20131122</subfield>
   <subfield code="h">Αλφαβητική σειρά</subfield>
   <subfield code="p">81465</subfield>
   <subfield code="q">81465</subfield>
   <subfield code="t">NOLOAN</subfield>
   <subfield code="v">vol.59;no.1:(Μήνας)January;(Έτος)2013</subfield>
   <subfield code="y">23</subfield>
  </datafield>
  <datafield tag="852" ind1=" " ind2=" ">
   <subfield code="a">INST</subfield>
   <subfield code="b">UNIPILB</subfield>
   <subfield code="c">SERIALS</subfield>
   <subfield code="e">20131122</subfield>
   <subfield code="h">Αλφαβητική σειρά</subfield>
   <subfield code="p">81466</subfield>
   <subfield code="q">81466</subfield>
   <subfield code="t">NOLOAN</subfield>
   <subfield code="v">vol.59;no.2:(Μήνας)February;(Έτος)2013</subfield>
   <subfield code="y">23</subfield>
  </datafield>
  <datafield tag="852" ind1=" " ind2=" ">
   <subfield code="a">INST</subfield>
   <subfield code="b">UNIPILB</subfield>
   <subfield code="c">SERIALS</subfield>
   <subfield code="e">20131122</subfield>
   <subfield code="h">Αλφαβητική σειρά</subfield>
   <subfield code="p">81467</subfield>
   <subfield code="q">81467</subfield>
   <subfield code="t">NOLOAN</subfield>
   <subfield code="v">vol.59;no.3:(Μήνας)March;(Έτος)2013</subfield>
   <subfield code="y">23</subfield>
  </datafield>
  <datafield tag="852" ind1=" " ind2=" ">
   <subfield code="a">INST</subfield>
   <subfield code="b">UNIPILB</subfield>
   <subfield code="c">SERIALS</subfield>
   <subfield code="e">20131122</subfield>
   <subfield code="h">Αλφαβητική σειρά</subfield>
   <subfield code="p">81468</subfield>
   <subfield code="q">81468</subfield>
   <subfield code="t">NOLOAN</subfield>
   <subfield code="v">vol.59;no.4:(Μήνας)April;(Έτος)2013</subfield>
   <subfield code="y">23</subfield>
  </datafield>
  <datafield tag="852" ind1=" " ind2=" ">
   <subfield code="a">INST</subfield>
   <subfield code="b">UNIPILB</subfield>
   <subfield code="c">SERIALS</subfield>
   <subfield code="e">20131122</subfield>
   <subfield code="h">Αλφαβητική σειρά</subfield>
   <subfield code="p">81469</subfield>
   <subfield code="q">81469</subfield>
   <subfield code="t">NOLOAN</subfield>
   <subfield code="v">vol.59;no.5:(Μήνας)May;(Έτος)2013</subfield>
   <subfield code="y">23</subfield>
  </datafield>
  <datafield tag="852" ind1=" " ind2=" ">
   <subfield code="a">INST</subfield>
   <subfield code="b">UNIPILB</subfield>
   <subfield code="c">SERIALS</subfield>
   <subfield code="e">20131122</subfield>
   <subfield code="h">Αλφαβητική σειρά</subfield>
   <subfield code="p">81470</subfield>
   <subfield code="q">81470</subfield>
   <subfield code="t">NOLOAN</subfield>
   <subfield code="v">vol.59;no.6:(Μήνας)June;(Έτος)2013</subfield>
   <subfield code="y">23</subfield>
  </datafield>
  <datafield tag="852" ind1=" " ind2=" ">
   <subfield code="a">INST</subfield>
   <subfield code="b">UNIPILB</subfield>
   <subfield code="c">SERIALS</subfield>
   <subfield code="e">20131122</subfield>
   <subfield code="h">Αλφαβητική σειρά</subfield>
   <subfield code="p">81471</subfield>
   <subfield code="q">81471</subfield>
   <subfield code="t">NOLOAN</subfield>
   <subfield code="v">vol.59;no.7:(Μήνας)July;(Έτος)2013</subfield>
   <subfield code="y">23</subfield>
  </datafield>
  <datafield tag="852" ind1=" " ind2=" ">
   <subfield code="a">INST</subfield>
   <subfield code="b">UNIPILB</subfield>
   <subfield code="c">SERIALS</subfield>
   <subfield code="e">20131122</subfield>
   <subfield code="h">Αλφαβητική σειρά</subfield>
   <subfield code="p">81472</subfield>
   <subfield code="q">81472</subfield>
   <subfield code="t">NOLOAN</subfield>
   <subfield code="v">vol.59;no.8:(Μήνας)August;(Έτος)2013</subfield>
   <subfield code="y">23</subfield>
  </datafield>
  <datafield tag="852" ind1=" " ind2=" ">
   <subfield code="a">INST</subfield>
   <subfield code="b">UNIPILB</subfield>
   <subfield code="c">SERIALS</subfield>
   <subfield code="e">20131122</subfield>
   <subfield code="h">Αλφαβητική σειρά</subfield>
   <subfield code="p">81473</subfield>
   <subfield code="q">81473</subfield>
   <subfield code="t">NOLOAN</subfield>
   <subfield code="v">vol.59;no.9:(Μήνας)September;(Έτος)2013</subfield>
   <subfield code="y">23</subfield>
  </datafield>
  <datafield tag="852" ind1=" " ind2=" ">
   <subfield code="a">INST</subfield>
   <subfield code="b">UNIPILB</subfield>
   <subfield code="c">SERIALS</subfield>
   <subfield code="e">20131122</subfield>
   <subfield code="h">Αλφαβητική σειρά</subfield>
   <subfield code="p">81474</subfield>
   <subfield code="q">81474</subfield>
   <subfield code="t">NOLOAN</subfield>
   <subfield code="v">vol.59;no.10:(Μήνας)October;(Έτος)2013</subfield>
   <subfield code="y">23</subfield>
  </datafield>
  <datafield tag="852" ind1=" " ind2=" ">
   <subfield code="a">INST</subfield>
   <subfield code="b">UNIPILB</subfield>
   <subfield code="c">SERIALS</subfield>
   <subfield code="e">20131122</subfield>
   <subfield code="h">Αλφαβητική σειρά</subfield>
   <subfield code="p">81475</subfield>
   <subfield code="q">81475</subfield>
   <subfield code="t">NOLOAN</subfield>
   <subfield code="v">vol.59;no.11:(Μήνας)November;(Έτος)2013</subfield>
   <subfield code="y">23</subfield>
  </datafield>
  <datafield tag="852" ind1=" " ind2=" ">
   <subfield code="a">INST</subfield>
   <subfield code="b">UNIPILB</subfield>
   <subfield code="c">SERIALS</subfield>
   <subfield code="e">20140110</subfield>
   <subfield code="h">Αλφαβητική σειρά</subfield>
   <subfield code="p">81819</subfield>
   <subfield code="q">81819</subfield>
   <subfield code="t">NOLOAN</subfield>
   <subfield code="v">vol.59;no.12:(Μήνας)December;(Έτος)2013</subfield>
   <subfield code="y">23</subfield>
  </datafield>
  <datafield tag="856" ind1="4" ind2="1">
   <subfield code="u">http://mansci.journal.informs.org/content/by/year</subfield>
  </datafield>
  <datafield tag="900" ind1=" " ind2=" ">
   <subfield code="a">Vol. 60 no. 1 (January 2014)</subfield>
   <subfield code="b">Οφειλόμενο</subfield>
   <subfield code="c">13/06/2017</subfield>
  </datafield>
  <datafield tag="900" ind1=" " ind2=" ">
   <subfield code="a">Vol. 54 no. 1 (January 2008)</subfield>
   <subfield code="b">Οφειλόμενο</subfield>
   <subfield code="c">03/11/2008</subfield>
  </datafield>
  <datafield tag="900" ind1=" " ind2=" ">
   <subfield code="a">Vol. 54 no. 2 (February 2008)</subfield>
   <subfield code="b">Οφειλόμενο</subfield>
   <subfield code="c">26/10/2009</subfield>
  </datafield>
  <datafield tag="900" ind1=" " ind2=" ">
   <subfield code="a">Vol. 54 no. 3 (March 2008)</subfield>
   <subfield code="b">Οφειλόμενο</subfield>
   <subfield code="c">26/10/2009</subfield>
  </datafield>
  <datafield tag="900" ind1=" " ind2=" ">
   <subfield code="a">Vol. 54 no. 4 (April 2008)</subfield>
   <subfield code="b">Οφειλόμενο</subfield>
   <subfield code="c">26/10/2009</subfield>
  </datafield>
  <datafield tag="900" ind1=" " ind2=" ">
   <subfield code="a">Vol. 54 no. 5 (May 2008)</subfield>
   <subfield code="b">Οφειλόμενο</subfield>
   <subfield code="c">26/10/2009</subfield>
  </datafield>
  <datafield tag="900" ind1=" " ind2=" ">
   <subfield code="a">Vol. 54 no. 6 (June 2008)</subfield>
   <subfield code="b">Οφειλόμενο</subfield>
   <subfield code="c">26/10/2009</subfield>
  </datafield>
  <datafield tag="900" ind1=" " ind2=" ">
   <subfield code="a">Vol. 54 no. 7 (July 2008)</subfield>
   <subfield code="b">Οφειλόμενο</subfield>
   <subfield code="c">26/10/2009</subfield>
  </datafield>
  <datafield tag="900" ind1=" " ind2=" ">
   <subfield code="a">Vol. 54 no. 8 (August 2008)</subfield>
   <subfield code="b">Οφειλόμενο</subfield>
   <subfield code="c">26/10/2009</subfield>
  </datafield>
  <datafield tag="900" ind1=" " ind2=" ">
   <subfield code="a">Vol. 54 no. 9 (September 2008)</subfield>
   <subfield code="b">Οφειλόμενο</subfield>
   <subfield code="c">16/11/2009</subfield>
  </datafield>
  <datafield tag="900" ind1=" " ind2=" ">
   <subfield code="a">Vol. 54 no. 10 (October 2008)</subfield>
   <subfield code="b">Οφειλόμενο</subfield>
   <subfield code="c">16/12/2009</subfield>
  </datafield>
  <datafield tag="900" ind1=" " ind2=" ">
   <subfield code="a">Vol. 54 no. 11 (November 2008)</subfield>
   <subfield code="b">Οφειλόμενο</subfield>
   <subfield code="c">17/01/2010</subfield>
  </datafield>
  <datafield tag="900" ind1=" " ind2=" ">
   <subfield code="a">Vol. 54 no. 12 (December 2008)</subfield>
   <subfield code="b">Οφειλόμενο</subfield>
   <subfield code="c">15/02/2010</subfield>
  </datafield>
  <datafield tag="950" ind1=" " ind2=" ">
   <subfield code="a">01/01/2003</subfield>
   <subfield code="c">SWETS INFORMATION SERVICES</subfield>
   <subfield code="d">119</subfield>
  </datafield>
  <datafield tag="951" ind1=" " ind2=" ">
   <subfield code="a">58 1 (January 2012) -  58 12 (December 2012)</subfield>
   <subfield code="b">Main run</subfield>
  </datafield>
  <datafield tag="951" ind1=" " ind2=" ">
   <subfield code="a">Vol. 21 no. 9(May 1975)</subfield>
   <subfield code="b">Main run</subfield>
  </datafield>
  <datafield tag="951" ind1=" " ind2=" ">
   <subfield code="a">Vol.23 no.1(Sept. 1976) -  (Vol.23 no.4(Dec. 1976)</subfield>
   <subfield code="b">Main run</subfield>
  </datafield>
  <datafield tag="951" ind1=" " ind2=" ">
   <subfield code="a">Vol.23 no.5(Jan. 1977) -  (Vol.24 no.3(Nov. 1977)</subfield>
   <subfield code="b">Main run</subfield>
  </datafield>
  <datafield tag="951" ind1=" " ind2=" ">
   <subfield code="a">Vol.24 no.5(Jan. 1978) -  (Vol.24 no.16(Dec. 1978)</subfield>
   <subfield code="b">Main run</subfield>
  </datafield>
  <datafield tag="951" ind1=" " ind2=" ">
   <subfield code="a">Vol.25 no.1(Jan. 1979) -  (Vol.25 no.12(Dec. 1979)</subfield>
   <subfield code="b">Main run</subfield>
  </datafield>
  <datafield tag="951" ind1=" " ind2=" ">
   <subfield code="a">Vol.26 no.1(Jan. 1980) -  (Vol.26 no.12(Dec. 1980)</subfield>
   <subfield code="b">Main run</subfield>
  </datafield>
  <datafield tag="951" ind1=" " ind2=" ">
   <subfield code="a">Vol.27, no.1(Jan. 1981) -  (v.45, no.12(Dec. 1999)</subfield>
   <subfield code="b">Main run</subfield>
  </datafield>
  <datafield tag="951" ind1=" " ind2=" ">
   <subfield code="a">Vol.46 no.1(Jan. 2000) -  (Vol.46 no.12(Dec. 2000)</subfield>
   <subfield code="b">Main run</subfield>
  </datafield>
  <datafield tag="951" ind1=" " ind2=" ">
   <subfield code="a">Vol.28, no.1(Jan. 2002) -  (v.28, no.12(Dec. 2002)</subfield>
   <subfield code="b">Main run</subfield>
  </datafield>
  <datafield tag="951" ind1=" " ind2=" ">
   <subfield code="a">Vol. 49 no. 1 (January 2003) - Vol. 52 no. 12 (December 2006)</subfield>
   <subfield code="b">Main run</subfield>
  </datafield>
  <datafield tag="951" ind1=" " ind2=" ">
   <subfield code="a">Vol. 53 no. 1 (January 2007) - Vol. 53 no. 12 (December 2007)</subfield>
   <subfield code="b">Main run</subfield>
  </datafield>
  <datafield tag="951" ind1=" " ind2=" ">
   <subfield code="a">Vol. 55 no. 1 (January 2009) - Vol. 58 no. 12 (December 2012)</subfield>
   <subfield code="b">Main run</subfield>
  </datafield>
  <datafield tag="952" ind1=" " ind2=" ">
   <subfield code="a">24(4,13)1977, 43(1)1997</subfield>
  </datafield>
 </record>
</collection>
